000 00264nam a2200097Ia 4500
008 120527s9999 xx 000 0 und d
100 _aHocutt,J.E et al.
245 _aEmergence medicine:A quiock refernce for primary care.
260 _bAcro Publishing
942 _cBK
999 _c19589
_d19589